<?xml version="1.0" encoding="UTF-8"?><?xml-stylesheet type="text/xsl" href="static/style.xsl"?><OAI-PMH xmlns="http://www.openarchives.org/OAI/2.0/" xmlns:xsi="http://www.w3.org/2001/XMLSchema-instance" xsi:schemaLocation="http://www.openarchives.org/OAI/2.0/ http://www.openarchives.org/OAI/2.0/OAI-PMH.xsd"><responseDate>2026-05-17T18:12:34Z</responseDate><request verb="GetRecord" identifier="oai:recam.amb.cat:20.500.14439/4814" metadataPrefix="marc">https://recam.amb.cat/rest/oai/request</request><GetRecord><record><header><identifier>oai:recam.amb.cat:20.500.14439/4814</identifier><datestamp>2026-05-08T23:45:37Z</datestamp><setSpec>com_20.500.14439_123</setSpec><setSpec>col_20.500.14439_129</setSpec></header><metadata><record xmlns="http://www.loc.gov/MARC21/slim" xmlns:dcterms="http://purl.org/dc/terms/" xmlns:xsi="http://www.w3.org/2001/XMLSchema-instance" xmlns:doc="http://www.lyncode.com/xoai" xsi:schemaLocation="http://www.loc.gov/MARC21/slim http://www.loc.gov/standards/marcxml/schema/MARC21slim.xsd">
   <leader>00925njm 22002777a 4500</leader>
   <datafield ind2=" " ind1=" " tag="042">
      <subfield code="a">dc</subfield>
   </datafield>
   <datafield ind2=" " ind1=" " tag="720">
      <subfield code="a">Observatori Metropolità de l'Habitatge de Barcelona</subfield>
      <subfield code="e">author</subfield>
   </datafield>
   <datafield ind2=" " ind1=" " tag="260">
      <subfield code="c">2024-02-01</subfield>
   </datafield>
   <datafield ind2=" " ind1=" " tag="520">
      <subfield code="a">Amb l’objectiu de conèixer la realitat (o realitats) d’aquests habitatges, el laboratori ‘Mapa de gestors d’habitatge social de la demarcació de Barcelona’ analitza els gestors d’habitatge social que operen a la província de Barcelona i les característiques dels seus immobles. La finalitat darrera del laboratori és proporcionar elements d’anàlisi sobre les oportunitats i les amenaces que hi ha en aquesta matèria. Referent a l’estructura, el document compta amb 5 capítols, a més d’un apartat metodològic i 4 annexos amb informació complementària. En el primer capítol s’exposen les entitats gestores d’habitatge social (tipologia, àmbit geogràfic d’actuació i estructura organitzativa). En el segon es presenten els habitatges gestionats i les seves característiques (titularitat, provisió, estat de conservació, règim de tinença, relació contractual, etc.). En el tercer epígraf es descriu el perfil de les persones destinatàries dels habitatges. En el quart es recull la gestió del parc i el seguiment de les llars (reglaments d’ús, programes d’acompanyament i principals dificultats detectades) i finalment en el cinquè es mostren les conclusions més rellevants de la recerca.</subfield>
   </datafield>
   <datafield ind1="8" ind2=" " tag="024">
      <subfield code="a">https://hdl.handle.net/20.500.14439/4814</subfield>
   </datafield>
   <datafield tag="653" ind2=" " ind1=" ">
      <subfield code="a">Habitatge públic</subfield>
   </datafield>
   <datafield ind2="0" ind1="0" tag="245">
      <subfield code="a">Mapa de gestors d’habitatge social de la demarcació de Barcelona. 2023</subfield>
   </datafield>
</record></metadata></record></GetRecord></OAI-PMH>